LIBRARY ONLINE CATALOGUE

An Introduction to statistical methods / (Record no. 319)

MARC details
000 -LEADER
fixed length control field 00706cam a22002292 4500
001 - CONTROL NUMBER
control field 0000001254
005 - DATE AND TIME OF LATEST TRANSACTION
control field 20151021151051.0
008 - FIXED-LENGTH DATA ELEMENTS--GENERAL INFORMATION
fixed length control field 070228s xx 000 0 eng d
020 ## - INTERNATIONAL STANDARD BOOK NUMBER
International Standard Book Number 8125916947 :
040 ## - CATALOGING SOURCE
Original cataloging agency KABU
Transcribing agency KABU
050 #0 - LIBRARY OF CONGRESS CALL NUMBER
Classification number HA29
Item number .G87 2004
100 1# - MAIN ENTRY--PERSONAL NAME
Personal name Gupta, C. B.
-- 0000149876
245 13 - TITLE STATEMENT
Title An Introduction to statistical methods /
Statement of responsibility, etc. C. B. Gupta and Vijay Gupta.
250 ## - EDITION STATEMENT
Edition statement 23rd rev. ed.
260 ## - PUBLICATION, DISTRIBUTION, ETC. (IMPRINT)
Place of publication, distribution, etc. New Delhi :
Name of publisher, distributor, etc. Vikas Publishing,
Date of publication, distribution, etc. 2004.
300 ## - PHYSICAL DESCRIPTION
Extent xxvii, 829 p.
650 #0 - SUBJECT ADDED ENTRY--TOPICAL TERM
Topical term or geographic name as entry element Social sciences
General subdivision Statistical methods.
-- 0000148274
700 1# - ADDED ENTRY--PERSONAL NAME
Personal name Gupta, Vijay.
-- 0000149877
908 ## - PUT COMMAND PARAMETER (RLIN)
Put command parameter 070228
950 ## - LOCAL HOLDINGS (RLIN)
-- 1
Holdings
Withdrawn status Lost status Source of classification or shelving scheme Not for loan Home library Current library Date acquired Total Checkouts Full call number Barcode Date last seen Price effective from Koha item type Total Renewals Date last checked out
    Library of Congress Classification   Kabarak, Main Campus Kabarak, Main Campus 17/12/2015 19 HA29 .G87 2004 c. 7 015263 02/08/2024 17/12/2015 General Collection 1 24/11/2021
    Library of Congress Classification   Kabarak, Main Campus Kabarak, Main Campus 17/12/2015 9 HA29 .G87 2004 c. 4 011072 02/08/2024 17/12/2015 General Collection 1 01/11/2021
    Library of Congress Classification   Kabarak, Main Campus Kabarak, Main Campus 17/12/2015 7 HA29 .G87 2004 c. 1 000570 02/08/2024 17/12/2015 General Collection   05/02/2021
    Library of Congress Classification   Kabarak, Main Campus Kabarak, Main Campus 17/12/2015 7 HA29 .G87 2004 c. 2 000571 02/08/2024 17/12/2015 General Collection   03/07/2021
    Library of Congress Classification   Kabarak, Main Campus Kabarak, Main Campus 17/12/2015 10 HA29 .G87 2004 c. 3 011071 02/08/2024 17/12/2015 General Collection 1 11/04/2022
    Library of Congress Classification   Kabarak, Main Campus Kabarak, Main Campus 17/12/2015 17 HA29 .G87 2004 c. 5 006788 14/02/2023 17/12/2015 General Collection 2 14/02/2023
    Library of Congress Classification   Kabarak, Main Campus Kabarak, Main Campus 17/12/2015 19 HA29 .G87 2004 c. 8 015314 02/08/2024 17/12/2015 General Collection 1 18/06/2024
    Library of Congress Classification   Kabarak, Nakuru City Campus Kabarak, Nakuru City Campus 21/10/2015   HA29 .G87 2004 c. 1 010158 21/10/2015 21/10/2015 General Collection    
    Library of Congress Classification   Kabarak, Main Campus Kabarak, Nakuru City Campus 17/12/2015 10 HA29 .G87 2004 c. 6 17111 19/02/2022 17/12/2015 General Collection 1 03/02/2022